00466nam a2200193 a 4500001001300000003000900013005001700022008004100039020001000080082001500090100002200105245001200127260003300139300000900172500003500181505001200216650002200228700002200250nice12345678IN_TiNIC20260116012541.0050524s1937 lona grp 000 0 eng  ac10000a248.3bUND aUnderhill, Evelyn aWorship aLondonbNisbet and Co.c1937 a350p aincludes index and biblioraphy2 aIndices aWorship-Christian1 aUnderhill, Evelyn